| 000 | 01044nam a22003015a 4500 | ||
|---|---|---|---|
| 999 |
_c286 _d286 |
||
| 003 | EG-ScBUE | ||
| 005 | 20210418103436.0 | ||
| 008 | 150827t1994 le f d 000 f eng d | ||
| 040 |
_aEG-ScBUE _beng _erda _cEG-ScBUE _dEG-ScBUE |
||
| 082 | 0 | 4 |
_a823.7 _bAUS _222 |
| 100 | 1 |
_aAusten, Jane, _d1775-1817, _eauthor. |
|
| 245 | 1 | 0 |
_aNorthanger Abbey : _bwith an introduction, a guide, notes and a glossary / _cJane Austen. |
| 250 | _aFirst impression. | ||
| 264 | 1 |
_aBeirut : _bYork Press, _c1994. |
|
| 300 |
_axxxv , 253 pages ; _c18 cm. |
||
| 336 |
_2rdacontent _atext _btxt |
||
| 337 |
_2rdamedia _aunmediated _bn |
||
| 338 |
_2rdacarrier _avolume _bnc |
||
| 490 | 0 | _aYork classics | |
| 500 | _aIncludes glossary. | ||
| 590 | _amustafa galal . | ||
| 650 | 7 |
_aHorror tales _xAppreciation _vFiction. _2BUEsh |
|
| 650 | 7 |
_aBooks and reading _vFiction. _2BUEsh |
|
| 651 | 7 |
_aEngland _xSocial life and customs _y18th century _vFiction. _2BUEsh |
|
| 653 |
_cAugust2015 _bHHUUEENN |
||
| 655 |
_vReading book _934232 |
||
| 942 |
_cBB _k823A933 _2ddc |
||